Hija de la fortuna

Đã lưu trong:
Chi tiết về thư mục
Tác giả chính: Allende, Isabel, 1942- (autora)
Định dạng: Sách
Ngôn ngữ:Tiếng Tây Ban Nha
Được phát hành: Santiago COPESA S. A 2004
Phiên bản:1a. ed
Những chủ đề:
Các nhãn: Thêm thẻ
Không có thẻ, Là người đầu tiên thẻ bản ghi này!

MARC

LEADER 00000cam a2200000 a 4500
001 UCE2666
003 CL-VaPUC
008 140717e20040100cl |||||||||||||||||spa|d
082 0 4 |a Ch863  |b ALL  |2 21 
100 |a Allende, Isabel,  |d 1942-  |e autora  |9 318389 
245 1 0 |a Hija de la fortuna 
250 |a 1a. ed 
300 |a 379 p 
942 |c BK 
945 |d 20140717 11:12:00  |a dcastane 
260 |a Santiago  |b COPESA S. A  |c 2004 
650 0 |a Novelas chilenas   |9 265425 
650 0 |a Literatura chilena   |9 308278 
583 |a last modification  |c 20140717 11:12:00  |k Rodrigo Vera 
999 |c 356241  |d 356239